| 000 | 01071nam0a22002771 4500 | ||
|---|---|---|---|
| 001 | v19\rc\1725633 | ||
| 005 | 20250619042036.0 | ||
| 035 | _a(NLR Aleph) 004822155 | ||
| 090 |
_a5027927 _c5027927 |
||
| 100 | _a20061002d1913 |||y0rusy50 ca | ||
| 101 | 0 | _arus | |
| 102 | _aRU | ||
| 105 | _ay z ||||| | ||
| 200 | 1 |
_aИстория христианской церкви _fСост. законоучитель Второклас. церк.-приход. шк. села Тургенева свящ. Иоанн Казанский |
|
| 205 | _a7-е изд., испр. и доп. | ||
| 210 |
_aТула _cИ.Д. Фортунатов _d1913 |
||
| 215 |
_a118, III с. _d23 |
||
| 700 | 1 |
_4220 _7ca _8rus _aКазанский _bИ. В. _cсвященнослужитель, Тульская епархия _gИван Васильевич _9240881 _3RU\NLR\AUTH\770240937 |
|
| 801 | 0 |
_aRU _bNLR _gpsbo |
|
| 801 | 0 |
_aRU _bRuMoRGB _2psbo |
|
| 801 | 1 |
_aRU _bProSoft-M _2rusmarc |
|
| 852 |
_aNLR _j18.231.8.305 |
||
| 899 |
_aRuMoRGB _jA 270/156 |
||
| 899 | _aБАН | ||
| 942 | _cBOOK | ||
| 980 | _aNB | ||